00747nam a22001217a 4500008004100000100001800041245005800059260002100117300004000138520036800178650005800546773002100604210121b ||||| |||| 00| 0 eng d aAhuja, Anil.  aOstracising the ghost of namka chu: Defending Kameng  aU.S.I. Journal  a150(621), Jul-Sep, 2020: p. 271-287 aThis article briefly recapitulates the 1962 war operations in the Kameng Sector to bring out the suggested manner in which operations should be conducted against the People’s Liberation Army (PLA), should a need arise in the present time. Such a threat from the PLA is very real keeping in mind present tensions on the Line of Actual Control (LAC).- Reproduced  a1962 war, Kameng sector, Line of actual control (LAC) aU.S.I. Journal